Podnikateľská analýza firmy živnostníka v platných ekonomických podmienkach diplomová práca

Uložené v:
Podrobná bibliografia
Hlavný autor: Czuczor, Tamás
Korporativný autor: Obchodná fakulta EU. Katedra služieb a cestovného ruchu - zrušené
Ďalší autori: Strážovská, Helena
Médium: Kniha
Jazyk:Slovak
Vydavateľské údaje: Bratislava 2016
Tagy: Pridať tag
Žiadne tagy, Buďte prvý, kto otaguje tento záznam!

MARC

LEADER 00000nbm a2200000 4500
001 0216801
005 20170209155138.9
041 0 |a slo 
044 |a SK 
245 1 0 |a Podnikateľská analýza firmy živnostníka v platných ekonomických podmienkach  |b diplomová práca  |c Tamás Czuczor ; školiteľ: Helena Strážovská 
264 1 |a Bratislava  |c 2016 
300 |a 79 s. 
100 1 |a Czuczor, Tamás 
700 1 |a Strážovská, Helena 
710 2 |a Obchodná fakulta EU. Katedra služieb a cestovného ruchu - zrušené